00193 a2200085 4500245003600000650002800036005001700064084000900081999001700090 aESSAYS ON AFRICAN WRITINGhText aCONTEMPORARY LITERATURE20191021095130.0 aNONE c11859d11859